Cities That Have Hosted ODI Cricket Matches - Statistics

General Stats
  • This quiz has been taken 33 times
  • The average score is 70 of 173
Answer Stats
Answer % Correct
Manchester
97%
Perth
97%
Adelaide
94%
London (Lord's)
94%
London (The Oval)
94%
Melbourne
94%
Sydney
94%
Brisbane
90%
Delhi
90%
Mumbai
90%
Ahmedabad
87%
Kolkata
87%
Leeds
87%
Wellington
87%
Auckland
84%
Birmingham
84%
Dublin
84%
Lahore
84%
Bangalore
81%
Chennai
81%
Dhaka
81%
Johannesburg
81%
Canberra
77%
Cardiff
77%
Hyderabad
77%
Karachi
77%
Cape Town
74%
Colombo
74%
Durban
74%
Harare
74%
Hobart
74%
Kingston
74%
Kingstown
74%
Nottingham
74%
Pune
74%
Centurion
71%
Christchurch
71%
Abu Dhabi
68%
Belfast
68%
Dubai
68%
Jaipur
68%
Lucknow
68%
Nagpur
68%
Bloemfontein
65%
Darwin
65%
Chattogram
61%
Edinburgh
61%
Georgetown
61%
Glasgow
61%
Port Elizabeth
61%
Bristol
58%
Indore
58%
Nairobi
58%
Port-of-Spain
58%
Rawalpindi
58%
Sharjah
58%
Southampton
58%
Bridgetown
55%
St John's
55%
Kandy
52%
Kuala Lumpur
52%
Multan
52%
Bulawayo
48%
Cairns
48%
Dharamshala
48%
Hamilton
48%
Patna
48%
Singapore
48%
Visakhapatnam
48%
Faisalabad
45%
Peshawar
45%
Chandigarh
42%
Dunedin
42%
Galle
42%
Kanpur
42%
Leicester
42%
Rajkot
42%
St. George's
42%
Thiruvananthapuram
42%
Basseterre
39%
Chester-le-Street
39%
Cuttack
39%
East London
39%
Jodhpur
39%
Mohali
39%
Napier
39%
Roseau
39%
Toronto
39%
Windhoek
39%
Doha
35%
Guwahati
35%
Kochi
35%
Ranchi
35%
Muscat
32%
Port Moresby
32%
Taunton
32%
Gwalior
29%
Mombasa
29%
Quetta
29%
Worcester
29%
Aberdeen
26%
Castries
26%
Nelson
26%
Vadodara
26%
Canterbury
23%
Dehradun
23%
Derby
23%
Gujranwala
23%
Northampton
23%
Pietermaritzburg
23%
Swansea
23%
Albury
19%
Amstelveen
19%
Hambantota
19%
Jalandhar
19%
Jamshedpur
19%
Khulna
19%
Pallekele
19%
Potchefstroom
19%
Rotterdam
19%
Srinagar
19%
Trivandrum
19%
Amritsar
16%
Chelmsford
16%
Gros Islet
16%
Lauderhill
16%
Mt. Maunganui
16%
North Sound
16%
Paarl
16%
Queenstown
16%
Sialkot
16%
Sylhet
16%
Vijayawada
16%
Ballarat
13%
Dambulla
13%
Fatullah
13%
New Plymouth
13%
Townsville
13%
Benoni
10%
Faridabad
10%
Greater Noida
10%
Hove
10%
Kirtipur
10%
Kwekwe
10%
Launceston
10%
Mackay
10%
Moratuwa
10%
Taupo
10%
Berri
6%
Bogra
6%
Lincoln
6%
Pearland
6%
Royal Tunbridge Wells
6%
Scarborough
6%
Sheikhupura
6%
Whangarei
6%
Ayr
3%
Devonport
3%
Fatorda
3%
Sargodha
3%
Tangier
3%
Utrecht
3%
Albion
0%
Deventer
0%
Kimberley
0%
King City
0%
Magheramason
0%
Mong Kok
0%
Pandamaran
0%
Sahiwal
0%
Schiedam
0%
Voorburg
0%
No matching quizzes found
Score Distribution
Percent of People with Each Score
Percentile by Number Answered
Your Score History
You have not taken this quiz